Вопросы разработки месторождений Курской магнитной аномалии: сборник статей

Библиографические подробности
Автор-организация: Академия наук СССР (АН СССР)
Другие авторы: Терентьев В. И. (редактор)
Язык:русский
Опубликовано: Москва, Изд-во АН СССР, 1961
Предметы:
Формат: Книга
Запись в KOHA:https://koha.lib.tpu.ru/cgi-bin/koha/opac-detail.pl?biblionumber=171662

MARC

LEADER 00000nam0a2200000 4500
001 171662
005 20231031164035.0
035 |a (RuTPU)RU\TPU\book\186121 
090 |a 171662 
100 |a 20091207d1961 k y0rusy50 ca 
101 0 |a rus 
102 |a RU 
105 |a a z 001zy 
200 1 |a Вопросы разработки месторождений Курской магнитной аномалии  |e сборник статей  |f Академия наук СССР (АН СССР); под ред. В. И. Терентьева 
210 |a Москва  |c Изд-во АН СССР  |d 1961 
215 |a 308 с.  |c ил. 
320 |a Библиография в конце статей 
610 1 |a Курская магнитная аномалия 
610 1 |a железорудные месторождения 
610 1 |a системы разработки 
610 1 |a Курская область 
610 1 |a подземные работы 
610 1 |a обогащение 
610 1 |a руды 
610 1 |a гидрогеология 
610 1 |a геология 
610 1 |a сборники 
675 |a 622.341  |v 3 
702 1 |a Терентьев  |b В. И.  |4 340 
712 0 2 |a Академия наук СССР (АН СССР)  |2 stltpush  |3 (RuTPU)RU\TPU\col\722 
801 1 |a RU  |b 63413507  |c 20091207 
801 2 |a RU  |b 63413507  |c 20091208  |g RCR 
942 |c BK